| 000 | 00508nam a2200205Ia 4500 | ||
|---|---|---|---|
| 003 | 0100 | ||
| 008 | 130303s9999 xx 000 0 und d | ||
| 040 | _cARRUPELIB | ||
| 050 | _aDT31.A182 1994 | ||
| 100 | _aAchermann, Eduard | ||
| 245 | _aCry beloved Africa | ||
| 245 | _ba continent needs help | ||
| 260 | _aMunich-Kinshasa | ||
| 260 | _bAfrican University Studies | ||
| 260 | _C1994 | ||
| 300 | _a265p. | ||
| 300 | _b 21cm. | ||
| 440 | _aSocial and political studies No. 5 | ||
| 942 |
_2lcc _04 |
||
| 999 |
_c61510 _d61510 |
||